El problema de la culpa : sobre la responsabilidad política de Alemania /
保存先:
| 第一著者: | |
|---|---|
| その他の著者: | , |
| フォーマット: | 図書 |
| 言語: | スペイン語 |
| 出版事項: |
Barcelona, España :
Paidós : Universidad Autónoma de Barcelona,
1998, c1998
|
| シリーズ: | (Pensamiento Contemporáneo ;
52) |
| 主題: | |
| タグ: |
タグなし, このレコードへの初めてのタグを付けませんか!
|
MARC
| LEADER | 00000nam^a2200000^a^4500 | ||
|---|---|---|---|
| 001 | 000387509 | ||
| 005 | 20250521000000.0 | ||
| 009 | 20260310121028.275 | ||
| 020 | |a 84-493-0561-6 | ||
| 037 | |a Acervo Xavier Clavigero | ||
| 041 | |a ESP | ||
| 082 | |a 142. 78 |b JAS OBR PRO | ||
| 100 | |a Jaspers, Karl |e (autor) | ||
| 240 | 1 | 4 | |a [El problema de la culpa] |
| 245 | 1 | 3 | |a El problema de la culpa : |b sobre la responsabilidad política de Alemania / |c K. Jaspers ; introd. de E. Garzón Valdés ; tr. por R. Gutiérrez Cuartango. |
| 264 | 4 | |a Barcelona, España : |b Paidós : |b Universidad Autónoma de Barcelona, |c 1998, c1998 | |
| 300 | |a 133 p. | ||
| 336 | |a texto |b txt |2 rdacontenido | ||
| 337 | |a sin mediación |b n |2 rdamedio | ||
| 338 | |a volumen |b nc |2 rdasoporte | ||
| 440 | |a (Pensamiento Contemporáneo ; |v 52) | ||
| 500 | |a Traducción de: Die Schuldfrage | ||
| 545 | 0 | |a Karl Jaspers (1883-1969), fue un filósofo y psiquiatra alemán de formación en leyes y medicina de donde se doctoró en Psicología, pero al descubrir a Weber, Spinoza, Nietzsche y a Kierkegaard su orientación se inclinó a la filosofía. Aunque rechazó el calificativo de existencialista podemos encontrar en su obra una preocupación por la trascendencia de la existencia como un fenómeno negado al ser humano. El pensamiento de Jaspers tuvo tres vertientes; la indagación por el mundo objetivo, la existencia como medio para entender al ser y la metafísica, es decir la filosofía como un instrumento de identificación del ser, donde lo importante se encuentra en el pensamiento mismo y no en el fin de la reflexión filosófica. El trabajo de Jaspers tuvo un gran impacto en la teología, la psiquiatría y la filosofía moderna desde diversos títulos como: Descartes y la filosofía, La fe filosófica, Nietzsche y el cristianismo, Esencia y crítica de la psicoterapia, Autobiografía filosófica, La bomba atómica y el futuro del hombre, ¿Dónde va Alemania?, Filosofía de la existencia, Genio y locura, Grandes filósofos: hombres fundamentales: Sócrates, Buda, Confucio, Jesús, Iniciación al método filosófico, Introducción a la filosofía, Lo trágico, el lenguaje y Psicología de las concepciones del mundo. | |
| 649 | |a XX | ||
| 650 | |a Culpa - |x Tema Principal | ||
| 650 | |a Responsabilidad | ||
| 650 | |a Crímenes de Guerra - |z Alemania - |x Historia - |y Tercer Reich, 1933-1945 | ||
| 650 | |a Existencialismo | ||
| 650 | |a Violencia Política | ||
| 650 | |a Política - |z Alemania - |x Historia - |y Tercer Reich, 1933-1945 | ||
| 650 | |a Política - |z Alemania - |x Historia - |y Siglo XX | ||
| 650 | |a Etica Política | ||
| 650 | |a Filosofía del Siglo XX - |x Tema Principal | ||
| 650 | |a Filosofía Alemana - |x Tema Principal | ||
| 650 | |a Filosofía Política | ||
| 650 | |a Alemania - |x Historia - |y Tercer Reich, 1933-1945 | ||
| 650 | |a Alemania - |x Historia - |y Siglo XX | ||
| 700 | |a Garzón Valdés, Ernesto |e (introducción) | ||
| 700 | |a Gutiérrez Cuartango, Román |e (traducción) | ||
| 910 | |a Fondo General | ||
| 920 | |a Impresos - Libros | ||
| 930 | |a Colección General | ||
| 905 | |a 101 | ||
| 901 | |a 0900071831 |b IT1 |c ACC |u 20250521 | ||
| 902 | |a https://opac.biblio.iteso.mx/vufind/Record/000387509 | ||